Prêmio Don Luís Gonzaga Fernandes (Registro n. 738)

Detalhes MARC
000 -LEADER
fixed length control field 00663nas a22002057a 4500
005 - DATE AND TIME OF LATEST TRANSACTION
control field 20260601112158.0
008 - FIXED-LENGTH DATA ELEMENTS--GENERAL INFORMATION
fixed length control field 260601b20052015poran|p| ||||s10| z por d
040 ## - CATALOGING SOURCE
Transcribing agency BR-ViAPE
245 ## - TITLE STATEMENT
Title Prêmio Don Luís Gonzaga Fernandes
260 ## - PUBLICATION, DISTRIBUTION, ETC.
Place of publication, distribution, etc. Governo do Estado do Espírito Santo
Date of publication, distribution, etc. 2005-2015
300 ## - PHYSICAL DESCRIPTION
Extent v.
Other physical details il.
310 ## - CURRENT PUBLICATION FREQUENCY
Current publication frequency Anual
362 ## - DATES OF PUBLICATION AND/OR SEQUENTIAL DESIGNATION
Dates of publication and/or sequential designation 2005-2015
500 ## - GENERAL NOTE
General note Coleção incompleta: disponíveis apenas alguns números do periódico.
650 ## - SUBJECT ADDED ENTRY--TOPICAL TERM
Source of heading or term Atos Políticos
General subdivision Social
-- Direitos Humanos
Geographic subdivision Espírito Santo
651 ## - SUBJECT ADDED ENTRY--GEOGRAPHIC NAME
Geographic name Espírito Santo (Brasil)
Form subdivision Periódico
710 ## - ADDED ENTRY--CORPORATE NAME
Corporate name or jurisdiction name as entry element Governo do Estado do Espírito Santo
942 ## - ADDED ENTRY ELEMENTS (KOHA)
Source of classification or shelving scheme Dewey Decimal Classification
Koha item type Periódicos
Suppress in OPAC Yes

Nenhum exemplar disponível.